000
00324 a2200109 4500
001
ART_8479
005
20260410161833.0
008
260409a
245
1
0
_a
Secuencia de una exportación
100
1
_a
Fratalocchi, Aldo
773
0
_t
Contabilidad y administración
_g
- Año 3, Nº 27 (set. 1979)
_w
REV5485
999
_c
23441
_d
23441